UBT Library

Anesthesia Equipment Principles And Applications (Record no. 47956)

000 -LEADER
fixed length control field 00319nam a22001337a 4500
008 - FIXED-LENGTH DATA ELEMENTS--GENERAL INFORMATION
fixed length control field 180918b xxu||||| |||| 00| 0 eng d
020 ## - INTERNATIONAL STANDARD BOOK NUMBER
International Standard Book Number 0801615569
041 ## - LANGUAGE CODE
Language code of text/sound track or separate title eng
080 ## - UNIVERSAL DECIMAL CLASSIFICATION NUMBER
Universal Decimal Classification number 610
100 ## - Rafti
Rafti 5
101 ## - Shkurtesa
Shkurtesa ANE
245 ## - TITLE STATEMENT
Title Anesthesia Equipment Principles And Applications
Statement of responsibility, etc Ehrenweth,J
942 ## - ADDED ENTRY ELEMENTS (KOHA)
Source of classification or shelving scheme
Item type Books
Holdings
Withdrawn status Lost status Source of classification or shelving scheme Damaged status Not for loan Collection code Permanent location Current location Shelving location Date acquired Total Checkouts Full call number Barcode Date last seen Price effective from Koha item type
          Koleksioni i përgjithshem UBT - Lipjan UBT - Lipjan Koleksioni i përgjithshem 09/18/2018   610 EHR 002-3012835 09/18/2018 09/18/2018 Books
UBT Library © 2015-2024. All rights reserved University Education for Business and Technology